000 00674nam a2200193 a 4500
008 120921s1986 ||||||||||||||||| || u
020 _a0406565368
050 _aKD 130 Che
100 _aFifoot, Cecil Herbert Stewart
245 1 0 _aCheshire, Fifoot and Furmston's Law of contract. (11th ed.)
250 _a11th ed.
260 _aLondon:
_bButterworth
_c1986
300 _aliii, 692p.
650 0 _aCONTRACTS--GREAT BRITAIN
650 _aCONTRACTS
700 _aCheshire, Geoffrey Chevalier
700 _aFurmston, Michael
995 _FCBU-MAIN LIBRARY (Kitwe)
_UDAMAGED
_WSep 21, 2012
_ZMain Library Open Access Collection
999 _c37244
_d37244